| 000 | 01072cam a2200325 i 4500 | ||
|---|---|---|---|
| 001 | 4173407 | ||
| 003 | EG-ScBUE | ||
| 005 | 20220331135650.0 | ||
| 008 | 800123s1980 enk f b 000 1 eng d | ||
| 020 | _a019281513X (pbk.) : | ||
| 020 | _a9780192815132 | ||
| 040 |
_aDLC _beng _erda _cDLC _dDLC _dOCoLC _dEG-ScBUE |
||
| 082 | 0 | 4 |
_a823.8 _222 _bBRO |
| 100 | 1 |
_aBrontë, Charlotte, _d1816-1855, _eauthor. _935670 |
|
| 245 | 1 | 0 |
_aJane Eyre / _cCharlotte Brontë ; edited with an introduction by Margaret Smith. |
| 264 | 1 |
_aOxford ; _aNew York : _bOxford University Press, _c1980. |
|
| 300 |
_axxxv, 496 pages ; _c19 cm. |
||
| 336 |
_2rdacontent _atext _btxt |
||
| 337 |
_2rdamedia _aunmediated _bn |
||
| 338 |
_2rdacarrier _avolume _bnc |
||
| 490 | 0 | _aWorld's classics | |
| 504 | _aIncludes bibliographical references. | ||
| 650 | 7 |
_aGovernesses _vFiction. _2BUEsh |
|
| 650 | 7 |
_aCountry homes _vFiction. _2BUEsh |
|
| 650 | 7 |
_aMentally ill women _vFiction. _2BUEsh |
|
| 651 | _2BUEsh | ||
| 653 |
_bHHUUEENN _cMarch2022 |
||
| 655 |
_vReading book _934232 |
||
| 942 |
_2ddc _cBB |
||
| 999 |
_c11127 _d11127 |
||